000 00579cam a22001337a 4500
008 180718b1962 xxu||||| |||| 00| 0 eng d
082 _aQ43104 C437
100 _aWolins, Martin
245 _aManual for cost analysis in institutions for children
_cby Martin Wolins
260 _aNew York
_bChild Welfare League of America
_c1962
300 _a2v.
500 _aContents: pt. 1. Cost analysis, its purposes, methods, and limitations, by the California State Dept. of Social Welfare, 199p.;pt. 2. Forms and instructions, by M. Wolins, 67p.
650 _aChildren --Institutional care
999 _c433194
_d433194